History Quiz

Random History or Clickable Quiz

We Didn't Start the Fire: Historically Speaking Quiz Stats

 Plays Quiz Updated Jan 22, 2018

Challenge
Share
Tweet
Embed
Score 0/26 Timer 08:00
1 Play Today
% Correct
H-Bomb
94.3%
England's got a new Queen
94.1%
North Korea, South Korea
94%
Television
93.9%
Vaccine
93.9%
The Catcher in the Rye
93.4%
Joe DiMaggio
93.4%
Rosenbergs
92.8%
Red China
92.5%
Marilyn Monroe
90.9%
Panmunjom
90.4%
Studebaker
89.7%
Liberace
88%
% Correct
Joe McCarthy
87.9%
Marciano
87.8%
Eisenhower
87.8%
Richard Nixon
85.4%
Doris Day
85.3%
Sugar Ray
85.1%
The King and I
85.1%
Harry Truman
83.5%
Brando
83.2%
Walter Winchell
77.4%
Johnnie Ray
76.5%
South Pacific
71.4%
Santayana goodbye
64.1%

You're not logged in!

Compare scores with friends on all Sporcle quizzes.
OR
Log In

You Might Also Like...

Show Comments

Extras

Top Quizzes Today


Score Distribution

Your Account Isn't Verified!

In order to create a playlist on Sporcle, you need to verify the email address you used during registration. Go to your Sporcle Settings to finish the process.

Report this User

Report this user for behavior that violates our Community Guidelines.

Details: